000 00314nam a22001337a 4500
008 181122b xxu||||| |||| 00| 0 eng d
020 _a9780321088277
041 _aeng
080 _27 th
_a370
100 _a48
101 _aEDU
245 _aBridging The Gap College Rreading
_cSmith.B.D
942 _2udc
_cBK
999 _c52319
_d52319